000
00236nam a2200097Ia 4500
001
656549
005
20250826154558.0
008
250824s9999 xx 000 0 und d
245
0
_a
Aklından Bir Sayı Tut
_c
John Verdon
260
_b
KORİDOR
999
_c
656549
_d
656549